Assesment of students' engagement with learning management in higher learning institutions, Tanzania/ (Record no. 41136)

MARC details
000 -LEADER
fixed length control field 00688nam a22002057a 4500
003 - CONTROL NUMBER IDENTIFIER
control field OSt
005 - DATE AND TIME OF LATEST TRANSACTION
control field 20260529071356.0
008 - FIXED-LENGTH DATA ELEMENTS--GENERAL INFORMATION
fixed length control field 260529b |||||||| |||| 00| 0 eng d
040 ## - CATALOGING SOURCE
Transcribing agency DLC
050 ## - LIBRARY OF CONGRESS CALL NUMBER
Classification number LB1028.3
Item number S21 2025
100 ## - MAIN ENTRY--PERSONAL NAME
Relator code Evaline, Shafrael
245 ## - TITLE STATEMENT
Title Assesment of students' engagement with learning management in higher learning institutions, Tanzania/
Statement of responsibility, etc. Shafraeli, Evaline
260 ## - PUBLICATION, DISTRIBUTION, ETC. (IMPRINT)
Place of publication, distribution, etc. Dodoma:
Name of publisher, distributor, etc. The University of Dodoma;
Date of publication, distribution, etc. 2025
300 ## - PHYSICAL DESCRIPTION
Extent xiii,107 p.;
Other physical details ill.;
Dimensions 30 cm
504 ## - BIBLIOGRAPHY, ETC. NOTE
Bibliography, etc includes index
650 ## - SUBJECT ADDED ENTRY--TOPICAL TERM
Topical term or geographic name as entry element Lerning management system
9 (RLIN) 118466
Topical term or geographic name as entry element Student engagemant
9 (RLIN) 118467
Topical term or geographic name as entry element Eductional technology
9 (RLIN) 118468
942 ## - ADDED ENTRY ELEMENTS (KOHA)
Source of classification or shelving scheme Library of Congress Classification
Koha item type Dissertations
Holdings
Withdrawn status Lost status Source of classification or shelving scheme Damaged status Not for loan Collection code Home library Current library Shelving location Date acquired Total Checkouts Full call number Barcode Date last seen Copy number Price effective from Koha item type
    Library of Congress Classification     Reference Informatics and Virtual Education Library Collection Informatics and Virtual Education Library Collection Reference 29/05/2026   LB1028.3 S21 2025 18424515 29/05/2026 C.1 29/05/2026 Dissertations
© The University of Dodoma 2020